| Tag |
First Indicator |
Second Indicator |
Subfields |
| LEADER |
00000cam a2200000 4500 |
| 001 |
in00000023297 |
| 005 |
20151030081459.0 |
| 008 |
771130s1946 enkc 00010 engm |
| 010 |
|
|
|a 47006211
|
| 035 |
|
|
|a (OCoLC)03453696
|
| 040 |
|
|
|a DLC
|c VA@
|d VA@
|d TXA
|d UtOrBLW
|
| 041 |
1 |
|
|a eng
|a ita
|
| 050 |
0 |
0 |
|a PQ4709.E5
|b A2 1946
|
| 082 |
0 |
|
|a 851.75
|
| 092 |
|
|
|a 851
|b L587p
|
| 100 |
1 |
|
|a Leopardi, Giacomo,
|d 1798-1837.
|
| 245 |
1 |
0 |
|a Poems from Giacomo Leopardi /
|c translated and introduced by John Heath-Stubbs.
|
| 264 |
|
1 |
|a London :
|b J. Lehmann,
|c [1946]
|
| 300 |
|
|
|a 71 pages :
|b frontispiece (portrait) ;
|c 22 cm.
|
| 336 |
|
|
|a text
|b txt
|2 rdacontent
|
| 337 |
|
|
|a unmediated
|b n
|2 rdamedia
|
| 338 |
|
|
|a volume
|b nc
|2 rdacarrier
|
| 500 |
|
|
|a "First published in 1946."
|
| 700 |
1 |
|
|a Heath-Stubbs, John,
|d 1918-2006.
|
| 999 |
f |
f |
|s 6cce09be-3c97-3761-a811-7b7c5d87d811
|i c753db18-a041-3e91-a8aa-2a5fe6941223
|t 0
|
| 952 |
f |
f |
|p ric
|a Texas A&M University
|b Rellis Campus
|c Joint Library Facility
|d Remote Storage
|t 0
|e PQ4709.E5 A2 1946
|h Library of Congress classification
|i unmediated -- volume
|m A14801376053
|
| 998 |
f |
f |
|a PQ4709.E5 A2 1946
|t 0
|l Remote Storage
|